[Event "Sunway Sitges Online Open"]
[Site "chess.com INT"]
[Date "2020.04.27"]
[Round "9.65"]
[White "Krishnan, Saatvik"]
[Black "Gonzalez Cuervo, Eloy"]
[Result "1-0"]
[WhiteElo "1671"]
[BlackElo "2017"]
[WhiteFideId "30957125"]
[BlackFideId "2239299"]
[EventDate "2020.04.19"]

1. Nf3 d6 2. g3 e5 3. d3 Be7 4. Bg2 h5 5. c4 h4 6. gxh4 Bxh4 7. Qa4+ Bd7 8. Qb3
Na6 9. Nc3 Nc5 10. Qc2 Nf6 11. Bd2 Ng4 12. Rf1 Bc6 13. e4 Ne6 14. h3 Nf6 15. Be3
Nh5 16. Ne2 Bd7 17. O-O-O c5 18. Nxh4 Qxh4 19. Qd2 Nhf4 20. Bxf4 exf4 21. f3 b5
22. d4 cxd4 23. Nxd4 O-O 24. Nf5 Qf6 25. Qxd6 Rfd8 26. Ne7+ Kh8 27. Rd5 Qh4 28.
Nf5 Qg5 29. Ne7 Qh4 30. c5 Be8 31. Ng6+ fxg6 32. Qxe6 Qg3 33. Qg4 Qh2 1-0

[Event "Sunway Sitges Online Open"]
[Site "chess.com INT"]
[Date "2020.04.27"]
[Round "9.66"]
[White "Sanitt, Ethan"]
[Black "Alem, Ali Hussain"]
[Result "1-0"]
[WhiteElo "1860"]
[BlackElo "1590"]
[WhiteFideId "427462"]
[BlackFideId "21500088"]
[EventDate "2020.04.19"]

1. c4 e5 2. g3 Nf6 3. Bg2 Nc6 4. Nc3 Bb4 5. Nd5 Bc5 6. e3 O-O 7. Ne2 Re8 8. O-O
Nxd5 9. cxd5 Ne7 10. d4 exd4 11. Nxd4 d6 12. b3 Nf5 13. Nxf5 Bxf5 14. Bb2 Be4
15. Qg4 Bg6 16. h4 Qc8 17. Qc4 h5 18. b4 Bb6 19. a4 a5 20. b5 Qf5 21. Rac1 f6
22. Kh2 Re7 23. e4 Qd7 24. f4 Kh8 25. Bh3 Qe8 26. Be6 Bf7 27. f5 Qg8 28. Rc2
Bxe6 29. fxe6 Qh7 30. Rf5 Qh6 31. Qe2 Qg6 32. Qxh5+ Qxh5 33. Rxh5+ Kg8 34. Rf5
Kh7 35. g4 Rh8 36. Kg3 Bc5 37. Rc1 c6 38. g5 fxg5 39. Rxg5 cxb5 40. Rf1 Be3 41.
Rh5+ Bh6 42. axb5 Rc8 43. Rhf5 Rec7 44. Rf8 g5 45. e7 gxh4+ 46. Kxh4 Rc4 47. Kh5
Rc2 48. R1f7+ 1-0

[Event "Sunway Sitges Online Open"]
[Site "chess.com INT"]
[Date "2020.04.27"]
[Round "9.67"]
[White "Frolov, Zakhar"]
[Black "Vinolas Anglada, Laura"]
[Result "1/2-1/2"]
[WhiteElo "1224"]
[BlackElo "1726"]
[WhiteFideId "34428380"]
[BlackFideId "24517925"]
[EventDate "2020.04.19"]

1. e4 e5 2. Nf3 Nc6 3. d4 exd4 4. Nxd4 Nf6 5. Nc3 Bb4 6. Bg5 h6 7. Nxc6 bxc6 8.
Bxf6 Qxf6 9. Qd2 d5 10. exd5 O-O 11. Be2 cxd5 12. a3 Bxc3 13. bxc3 Re8 14. O-O
Bb7 15. Bf3 Re5 16. c4 Rae8 17. cxd5 Ba6 18. Rfe1 Be2 19. Qc3 Bxf3 20. Rxe5 Rxe5
21. Qxf3 Rf5 22. Qd1 Rxf2 23. Rb1 Qf4 24. Qd3 g6 25. Qc3 Kh7 26. Qc5 Rd2 27. Rf1
Qd4+ 28. Qxd4 Rxd4 29. Rxf7+ Kg8 30. Rxc7 Rxd5 31. Rxa7 Rc5 32. a4 Rxc2 33. a5
Ra2 34. Ra8+ Kg7 35. h3 Kh7 36. a6 Kg7 37. a7 Kh7 38. Kh2 Ra3 39. h4 h5 40. g3
Ra2+ 41. Kh3 Kg7 42. Re8 Rxa7 43. Re3 Ra2 44. Rb3 Rc2 45. Rb7+ Kf6 46. Rb6+ Kf5
47. Rb5+ Ke4 48. Rb6 Kf5 49. Rb5+ Ke4 50. Rb4+ Kf5 51. Rb5+ 1/2-1/2

[Event "Sunway Sitges Online Open"]
[Site "chess.com INT"]
[Date "2020.04.27"]
[Round "9.68"]
[White "Nergard, Ole-Kristian"]
[Black "Mendes Aaron Reeve"]
[Result "1-0"]
[WhiteElo "1705"]
[BlackElo "1520"]
[WhiteFideId "1543156"]
[BlackFideId "25954938"]
[EventDate "2020.04.19"]

1. e4 e5 2. Nf3 Nf6 3. d4 Nxe4 4. Bd3 d5 5. Nxe5 Bf5 6. O-O Be7 7. Qf3 Qc8 8.
Nc3 O-O 9. Nxd5 Bd6 10. Bxe4 Bxe4 11. Qxe4 f5 12. Qe2 c6 13. Nf4 Re8 14. Qc4+
Re6 15. Nxe6 Qe8 16. Nc7+ Kf8 17. Nxe8 Bxe5 18. dxe5 Kxe8 19. Qe6+ Kf8 20. Rd1
Na6 21. Rd7 Re8 22. Qf7# 1-0

[Event "Sunway Sitges Online Open"]
[Site "chess.com INT"]
[Date "2020.04.27"]
[Round "9.69"]
[White "Divitt Arora"]
[Black "Jorajuria Mendoza, Algol"]
[Result "0-1"]
[WhiteElo "1629"]
[BlackElo "1693"]
[WhiteFideId "25789511"]
[BlackFideId "5128897"]
[EventDate "2020.04.19"]

1. e4 c5 2. Nf3 Nc6 3. d4 cxd4 4. Nxd4 Nf6 5. Nc3 e5 6. Ndb5 d6 7. Bg5 a6 8. Na3
b5 9. Nd5 Be7 10. Bxf6 Bxf6 11. Bd3 O-O 12. h4 g6 13. Qd2 Kg7 14. O-O-O Be6 15.
Be2 Nd4 16. c3 Bxd5 17. exd5 b4 18. cxb4 Bxh4 19. Kb1 Bg5 20. Qd3 Rb8 21. Nc2
Nxc2 22. Qxc2 Rxb4 23. Bxa6 Qa5 24. Bd3 Ra8 25. b3 e4 26. Be2 Bf6 27. Rh3 Rd4
28. Rxd4 Bxd4 29. f3 Qe1+ 30. Qd1 Qc3 31. Qxd4+ Qxd4 32. fxe4 Qxe4+ 33. Bd3 Qxg2
34. Rh4 Re8 35. Be4 Rxe4 36. Rxe4 Qxe4+ 37. Kb2 h5 38. a4 h4 39. a5 h3 40. a6 h2
41. a7 Qe2+ 42. Kc3 h1=Q 43. a8=Q Qhe1+ 44. Kd4 Q1d2# 0-1

[Event "Sunway Sitges Online Open"]
[Site "chess.com INT"]
[Date "2020.04.27"]
[Round "9.70"]
[White "Elgat, Adam"]
[Black "Al Dosari, Naif"]
[Result "1-0"]
[WhiteElo "1652"]
[BlackElo "1787"]
[WhiteFideId "30955750"]
[BlackFideId "21504482"]
[EventDate "2020.04.19"]

1. e4 e5 2. Nf3 d6 3. Bc4 Nf6 4. Nc3 Be7 5. h3 O-O 6. d3 Nbd7 7. Be3 c6 8. O-O
h6 9. Qd2 Kh7 10. Bb3 Qe8 11. Ne2 Nc5 12. Bxc5 dxc5 13. Nxe5 Bd6 14. Nc4 Bc7 15.
Ne3 Qe5 16. f4 Qh5 17. Ng3 Qg6 18. Nef5 Nh5 19. Rf3 Bxf5 20. exf5 Qxg3 21. Rxg3
Nxg3 22. f6 gxf6 23. d4 cxd4 24. Qd3+ f5 25. Qxg3 Rae8 26. Qd3 Re4 27. Rf1 Bxf4
28. c3 Be3+ 29. Kh1 f4 30. Qxe4+ 1-0

[Event "Sunway Sitges Online Open"]
[Site "chess.com INT"]
[Date "2020.04.27"]
[Round "9.71"]
[White "Pradyumna Kanukollu"]
[Black "Romeu Viladot, Emili"]
[Result "0-1"]
[WhiteElo "1138"]
[BlackElo "1723"]
[WhiteFideId "25720090"]
[BlackFideId "24586080"]
[EventDate "2020.04.19"]

1. e4 c5 2. Nf3 d6 3. d4 cxd4 4. Nxd4 Nf6 5. Nc3 a6 6. Bg5 Nbd7 7. f4 Qc7 8. Qf3
h6 9. Bxf6 Nxf6 10. O-O-O Bg4 11. Qf2 Bxd1 12. Nxd1 Nxe4 13. Qf3 Nf6 14. Nc3 e6
15. g4 Be7 16. Bg2 Rb8 17. h4 Nd7 18. h5 Bf6 19. Nde2 Nc5 20. f5 Bg5+ 21. Kb1
O-O 22. Ne4 Nxe4 23. Qxe4 d5 24. Qd3 Qc4 25. Qf3 Rbc8 26. c3 Rcd8 27. Rd1 exf5
28. gxf5 Qe4+ 29. Qxe4 dxe4 30. Rxd8 Rxd8 31. Bxe4 Rd1+ 32. Kc2 Rd2+ 33. Kb3
Rxe2 34. Bxb7 Bc1 35. Bxa6 Rxb2+ 36. Kc4 Rxa2 37. Bb5 Rh2 38. Kb4 Rxh5 39. c4
Rxf5 40. c5 Bf4 41. c6 Rxb5+ 42. Kxb5 h5 43. Kb6 h4 44. c7 Bxc7+ 45. Kxc7 h3 46.
Kd8 h2 47. Ke8 h1=Q 48. Kd8 Qb7 49. Ke8 g6 50. Kd8 Kg7 51. Ke8 Kf6 52. Kd8 Ke6
53. Ke8 Qe7# 0-1

[Event "Sunway Sitges Online Open"]
[Site "chess.com INT"]
[Date "2020.04.27"]
[Round "9.72"]
[White "Couture, Jonathan"]
[Black "Khoury, Theo"]
[Result "1-0"]
[WhiteElo "1806"]
[BlackElo "1465"]
[WhiteFideId "2616718"]
[BlackFideId "480703"]
[EventDate "2020.04.19"]

1. e4 c5 2. Nf3 d6 3. c3 Nf6 4. h3 Nc6 5. Bd3 e6 6. Bc2 Be7 7. d4 cxd4 8. cxd4
O-O 9. Nc3 b6 10. O-O Bb7 11. Re1 Rc8 12. Bg5 Qd7 13. Ba4 Qc7 14. Rc1 Qb8 15. d5
Nb4 16. a3 Na6 17. b4 h6 18. Bh4 Rfd8 19. Bb3 e5 20. Nh2 Rc7 21. Qf3 Bc8 22. Bg3
Bd7 23. Qd3 Qb7 24. f4 exf4 25. Bxf4 Rdc8 26. e5 Ne8 27. e6 fxe6 28. dxe6 Bc6
29. Bc2 Nf6 30. Ng4 Bxg2 31. Nxf6+ Bxf6 32. Qh7+ Kf8 33. Bxd6+ Re7 34. Qh8# 1-0